A revision of Besleria, (Record no. 9946)

MARC details
000 -LEADER
fixed length control field 00786cam a22002411 4500
001 - CONTROL NUMBER
control field agr39000331
003 - CONTROL NUMBER IDENTIFIER
control field DLC
005 - DATE AND TIME OF LATEST TRANSACTION
control field 20260227110957.0
008 - FIXED-LENGTH DATA ELEMENTS--GENERAL INFORMATION
fixed length control field 800103s1939 dcu b f001 0 eng c
010 ## - LIBRARY OF CONGRESS CONTROL NUMBER
LC control number agr39000331
035 ## - SYSTEM CONTROL NUMBER
System control number (OCoLC)5840945
040 ## - CATALOGING SOURCE
Original cataloging agency U. S. Dept. of Agr. Library
Transcribing agency GVaS
Modifying agency OCoLC
-- DLC
042 ## - AUTHENTICATION CODE
Authentication code premarc
050 00 - LIBRARY OF CONGRESS CALL NUMBER
Classification number QK1
Item number .U5 vol. 26, pt. 9
082 ## - DEWEY DECIMAL CLASSIFICATION NUMBER
Classification number 580.74 s
100 1# - MAIN ENTRY--PERSONAL NAME
Personal name Morton, Conrad Vernon,
Dates associated with a name 1905-
245 12 - TITLE STATEMENT
Title A revision of Besleria,
Statement of responsibility, etc. by C. V. Morton.
260 ## - PUBLICATION, DISTRIBUTION, ETC.
Place of publication, distribution, etc. Washington,
Name of publisher, distributor, etc. U.S. Govt. Print. Off.,
Date of publication, distribution, etc. 1939.
300 ## - PHYSICAL DESCRIPTION
Extent v, 395-474, vii-ix p.
Dimensions 25 cm.
490 0# - SERIES STATEMENT
Series statement Smithsonian Institution. U. S. National Museum. Contributions from the U. S. National Herbarium,
Volume/sequential designation v. 26, pt. 9
500 ## - GENERAL NOTE
General note Issued May 9, 1939.
650 #0 - SUBJECT ADDED ENTRY--TOPICAL TERM
Topical term or geographic name entry element Besleria.

No items available.

Powered by Koha